Представление документа в формате RUSMARC

ПолеНазваниеЗначение
  Тип записи a
  Библиографический уровень m
001 Контрольный номер RU\bookru\bibl\914502
003 Постоянный идентификатор записи http://www.book.ru/book/914502
005 Дата корректировки 20161026112402.2
010 Индекс ISBN __
a ISBN 978-5-390-00156-1
100 Данные общей обработки 0_
a Данные общей обработки 20140301d2013 mk y0rusy50 ca
101 Язык документа 0_
a Язык текста Латинский
102 Страна публикации __
a Страна публикации RU
105 Кодированные данные (монография) __
a Кодированные данные (монография) y ||||000yy
200 Заглавие и сведения об ответственности 1_
a Заглавие Основы маркетинга
210 Выходные данные __
a Место издания Москва
c Издательство КноРус
d Дата издания 2013
215 Физическое описание __
a Объем 232
330 Аннотация __
a Аннотация Приведен весь круг вопросов, содержащихся в государственном образовательном стандарте высшего профессионального образования по дисциплине «Основы маркетинга». Рассматриваются теоретические основы и практическое приложение маркетинга в контексте развития современного предприятия. Большое внимание
у делено перестройке организационных структур управления российскими предприятиями, внедряющими маркетинг. Показан российский и зарубежный опыт,
д аны практические рекомендации. Содержится большой иллюстративный материал и комплект методического обеспечения курса.
Д ля студентов и преподавателей вузов, руководителей и специалистов предприятий и организаций, слушателей институтов повышения квалификации, широкого круга читателей, интересующихся вопросами маркетинга.
606 Тематические рубрики __
a Основная рубрика Маркетинг. Реклама. Паблик рилейшнз
2 Код системы local
608 Указатель предметных рубрик __
a Жанр/форма Учебное пособие
2 Код системы local
675 Индекс УДК __
a Индекс УДК 339.13(075.8)
z Язык издания rus
686 Индексы других классификаций __
a Классификационный индекс 65.291.34я73
2 Код системы rubbk
700 Автор _1
a Фамилия Секерин В.Д.
801 Источник записи _1
a Страна RU
b Организация book_ru
c Дата составления 20140301
g Правила каталогизации RCR
856 Электронный адрес документа 4_
u Универсальный указатель ресурса (URL) http://www.book.ru/book/914502
951 __
a http://www.book.ru/book/914502